000 00900njm a2200289Ia 4500
001 26109
003 IT-RoPAU
005 20220918181126.0
008 131025s9999 xx 000 0 und d
040 _aIT-RoPAU
040 _cIT-RoPAU
041 _aINGLESE
999 _c100165
_d100165
999 _bNO
100 _aAl Jarreau
_915655
100 _eAutore musica
_915656
100 _gCodice autore musica SPICS: 11294
_915657
245 _aHigh Crime
250 _a1a ed.
260 _aROMA
260 _bSPICS RECORDS
_c1985 [1a Ed.:1984 - Ed. Lingua Orig.: 1984]
300 _aMUSICASSETTA
300 _c45 minuti (Testo: pag.)
500 _aMusica pop.
505 _aRaging Waters - Imagination - Murphy's Law - Tell Me - After All - High Crime - Let's Pretend - Sticky Wicket - Love Speaks Louder Than Words - Fallin'
650 _aPOP [CASSETTE]
_eCodice MATERIA SPICS: 9951
_91073
942 _cMC
_2ddc